| 000 | 02959nam0a2200457 4500 | ||
|---|---|---|---|
| 001 | RU\NLR\bibl\1366171 | ||
| 005 | 20260406071721.0 | ||
| 010 |
_a978-5-91460-005-8 _91000 |
||
| 021 |
_aRU _b2008-4649 _9249 |
||
| 035 | _a(NLR Aleph) 001358326 | ||
| 090 |
_a965105 _c965105 |
||
| 100 | _a20090506d2008 |||y0rusy50 ca | ||
| 101 | 0 | _arus | |
| 102 | _aRU | ||
| 105 | _aa ||||||||| | ||
| 200 | 1 |
_aКорпоративные ценные бумаги как инструмент инвестиционной привлекательности компаний _dCorporate securities as the tool of investment appeal of the company _fА. Н. Асаул, М. П. Войнаренко, Н. А. Пономарева, Р. А. Фалтинский _gпод ред. заслуж. строителя РФ, д. э. н., проф. А. Н. Асаула _gИн-т проблем экон. возрождения [и др.] _zeng |
|
| 210 |
_aСанкт-Петербург _cИПЭВ _d2008 |
||
| 215 |
_a283, [4] с. _cил., портр. _d24 |
||
| 225 | 1 |
_aЭкономическое возрождение России _eсерия изданий _v27 |
|
| 300 | _aАвт. также на англ. яз.: A. N. Asaul, M. P. Voynarenko, N. A. Ponomareva, R. A. Faltinsky | ||
| 300 | _aВ конце кн. авт.: Асаул А. Н. - д. э. н., проф., заслуж. строитель, Войнаренко М. П. - д. э. н., проф., Пономарева Н. А. - к. э. н., доц., Фалтинский Р.А. - д. э. н., проф. | ||
| 300 | _aВ надзаг. также: С.-Петерб. гос. арх.-строит. ун-т, Хмельниц. нац. ун-т | ||
| 300 | _aПосвящ. 175-летию СПбГАСУ | ||
| 316 |
_aС автогр. А. Н. Асаула _5NLR: 2009-7/2803 |
||
| 320 | _aБиблиогр. в подстроч. примеч. | ||
| 320 | _aДр. кн. 1-го авт. в тексте предисл. | ||
| 510 | 1 |
_aCorporate securities as the tool of investment appeal of the company _zeng |
|
| 606 | 1 |
_aЦенные бумаги _yРоссийская Федерация _92109791 _3RU\NLR\auth\661275168 |
|
| 606 | 1 |
_aЦенные бумаги _xРынки _yРоссийская Федерация _92121921 _3RU\NLR\auth\661281220 |
|
| 686 | _aУ26(2)229.2 | ||
| 686 | _aУ26(2)229.5 | ||
| 701 | 1 |
_4070 _8rus _7ca _aАсаул _bА.Н. _cд-р экон. наук _f1948- _gАнатолий Николаевич _3RU\NLR\auth\7728688 _911719 |
|
| 701 | 1 |
_aВойнаренко _bМ. П. _f1950- _gМихаил Петрович _4070 |
|
| 701 | 1 |
_aПономарева _bН. А. _f1977- _gНаталия Анатольевна _4070 |
|
| 701 | 1 |
_4070 _7ca _8rus _aФалтинский _bР. А. _f1970- _gРудольф Антонович _9187366 _3RU\NLR\AUTH\770187417 |
|
| 801 | 0 |
_aRU _bNLR _c20090506 _gRCR |
|
| 801 | 1 |
_aRU _bNLR _c20090506 |
|
| 942 | _cBOOK | ||
| 980 | _aNB | ||